00260nam a22000977a 4500008004100000082001700041100002000058245003900078260003200117300001300149220102b |||||||| |||| 00| 0 eng d a800bCHE2221 aChelliah, J. V.10athe story of the MacLeod Hospitall aTellippalai :bs.n.,c1939. a111 p. :